[Event "MPL-1 Indian Chess Tour 2022"]
[Site "Online"]
[Date "2022.03.31"]
[Round "5.7"]
[White "Sadhwani, Raunak"]
[Black "Lalith Babu M R"]
[Result "0-1"]
[WhiteElo "2616"]
[BlackElo "2563"]
[Annotator "RC"]
[PlyCount "96"]
[EventDate "2022.03.30"]
[EventType "tourn"]
[EventCountry "NET"]
[SourceTitle "playchess.com"]
[Source "ChessBase"]
[SourceQuality "1"]
[TimeControl "5400+30"]

1. e4 {[%emt 1:15:40]} g6 {[%emt 1:15:40]} 2. d4 {[%emt 0:00:22]} Bg7 {[%emt 0:00:21]} 3. Nc3 {[%emt 0:00:23]} c6 {[%emt 0:00:22]} 4. f4 {[%emt 0:00:22]} d5 {[%emt 0:00:21]} 5. e5 {[%emt 0:00:21]} Nh6 {[%emt 0:00:21]} 6. Be2 {[%emt 0:01:13]} f6 {[%emt 0:02:36]} 7. Nf3 {[%emt 0:00:54]} Qb6 {[%emt 0:00:23]} 8. O-O {[%emt 0:00:43]} Bg4 {[%emt 0:00:26]} 9. Na4 {[%emt 0:00:26]} Qc7 {[%emt 0:00:31]} 10. h3 {[%emt 0:01:26]} Bxf3 {[%emt 0:00:23]} 11. Bxf3 {[%emt 0:00:20]} Nd7 {[%emt 0:00:24]} 12. g4 {[%emt 0:03:08]} fxe5 {[%emt 0:01:55]} 13. fxe5 {[%emt 0:00:21]} e6 {[%emt 0:00:21]} 14. Nc3 {[%emt 0:00:52]} Nf7 {[%emt 0:00:35]} 15. Ne2 {[%emt 0:00:22]} Qd8 {[%emt 0:00:26]} 16. c3 {[%emt 0:00:32]} Qe7 {[%emt 0:00:30]} 17. Bg2 {[%emt 0:00:31]} O-O {[%emt 0:00:44]} 18. Qe1 {[%emt 0:01:08]} c5 {[%emt 0:00:39]} 19. h4 {[%emt 0:00:37]} cxd4 {[%emt 0:00:21]} 20. cxd4 {[%emt 0:00:20]} Rac8 {[%emt 0:00:22]} 21. Bd2 {[%emt 0:01:34]} Nd8 {[%emt 0:00:35]} 22. Rxf8+ {[%emt 0:00:45]} Qxf8 {[%emt 0:00:32]} 23. Rc1 {[%emt 0:00:34]} Rxc1 {[%emt 0:00:36]} 24. Qxc1 {[%emt 0:00:20]} Nc6 {[%emt 0:00:20]} 25. Be3 {[%emt 0:02:35]} Qb4 {[%emt 0:00:39]} 26. h5 {[%emt 0:00:39]} g5 {[%emt 0:00:56]} 27. h6 {[%emt 0:03:48]} Bxh6 {[%emt 0:00:25]} 28. b3 {[%emt 0:01:19]} Bg7 {[%emt 0:00:34]} 29. Kh1 {[%emt 0:01:17]} h6 {[%emt 0:00:24]} 30. Bf3 {[%emt 0:01:07]} Nf8 {[%emt 0:00:54]} 31. Bf2 {[%emt 0:00:47]} Ng6 {[%emt 0:01:49]} 32. Qc2 {[%emt 0:00:21]} Nf8 {[%emt 0:00:34]} 33. Kg2 {[%emt 0:00:38]} a6 {[%emt 0:00:24]} 34. Qb2 {[%emt 0:00:33]} Ng6 {[%emt 0:00:36]} 35. Qc2 {[%emt 0:00:29]} Nf8 {[%emt 0:00:22]} 36. Qb2 {[%emt 0:00:20]} Qe7 {[%emt 0:00:24]} 37. Ng3 {[%emt 0:00:33]} Ng6 {[%emt 0:00:21]} 38. Nh5 {[%emt 0:00:21]} Qf7 {[%emt 0:00:22]} 39. Bg3 {[%emt 0:00:28]} Bf8 {[%emt 0:00:59]} 40. Bd1 {[%emt 0:00:43]} Be7 {[%emt 0:00:24]} 41. Qd2 {[%emt 0:00:34]} Kf8 {[%emt 0:01:21]} 42. Bc2 {[%emt 0:00:28]} Ke8 {[%emt 0:00:22]} 43. Bb1 {[%emt 0:01:06]} Kd8 {[%emt 0:00:23]} 44. Qf2 {[%emt 0:00:36]} Qxf2+ {[%emt 0:00:35]} 45. Kxf2 {[%emt 0:00:32]} Nh4 {[%emt 0:00:25]} 46. Ke3 {[%emt 0:00:28]} Ba3 {[%emt 0:00:23]} 47. Bxh4 {[%emt 0:00:44]} gxh4 {[%emt 0:00:21]} 48. Nf4 {[%emt 0:00:25]} Bc1+ {[%emt 0:00:26]} 0-1

[Event "MPL-1 Indian Chess Tour 2022"]
[Site "Online"]
[Date "2022.03.27"]
[Round "5.8"]
[White "Gupta, Abhijeet"]
[Black "Iniyan, P."]
[Result "1-0"]
[WhiteElo "2628"]
[BlackElo "2516"]
[Annotator "TA"]
[PlyCount "79"]
[EventDate "2022.03.30"]
[EventType "tourn"]
[EventCountry "NET"]
[SourceTitle "playchess.com"]
[Source "ChessBase"]
[SourceQuality "1"]

{[%evp 9,79,0,38,25,22,24,25,25,19,16,91,25,22,18,28,0,0,-50,-47,-89,-86,-77,-77,-92,-103,-85,-95,-85,-71,-72,-80,-118,-121,-130,-113,-128,-125,-146,-125,-134,-69,-70,-50,-67,-58,-77,-79,-83,-98,-105,-70,-79,124,122,181,72,81,86,91,79,29987,359,29990,29991,29989,29982,29982,29983,29983,29984,29984,29980]} 1. d4 {[%cal Bd2d4,Bd4c5][%mdl 32]} Nf6 2. Bf4 d5 3. e3 c5 4. Nf3 Nc6 5. Nbd2 Bf5 6. dxc5 {D02: 1 d4 d5 2 Nf3 sidelines, including 2...Nf6 3 g3 and 2...Nf6 3 Bf4.} e6 7. b4 $5 {[%mdl 4] A promising side line.} Nxb4 8. Bb5+ {White has an edge.} Nc6 {[#]} 9. Nd4 $146 ({Predecessor:} 9. Nb3 Bxc5 10. O-O Bb6 11. Nfd4 Rc8 12. Nxc6 bxc6 13. Ba6 O-O 14. Bxc8 Qxc8 15. Bd6 {0-1 (31) Tristan,L (2561)-Kadam,O (2114) Chess.com INT 2022}) 9... Qa5 (9... Rc8 $11 {remains equal.}) 10. O-O (10. Rb1 $16 Rc8 11. O-O (11. Nxf5 exf5 12. O-O Bxc5 $14) 11... Bxc5 12. N2b3) 10... Bxc5 $11 11. N2b3 Qb6 12. Nxc5 Qxc5 13. Be5 (13. Bxc6+ $11 bxc6 14. Rc1) 13... Bg6 $15 14. Qf3 Nd7 $1 15. Bxc6 (15. Bxg7 $2 Rg8 16. c4 (16. Bxc6 $2 bxc6 17. Nxe6 fxe6 $19) 16... Rxg7 $19) 15... bxc6 16. Qg3 (16. Bxg7 $2 Rg8 17. Nxe6 fxe6 $19) 16... Nxe5 17. Qxe5 O-O 18. h4 Rfe8 (18... Bxc2 19. Rac1 $16) 19. h5 {[#]} f6 $1 20. Qh2 (20. Nxe6 fxe5) 20... Bf7 (20... Bxc2 21. Rfc1 $18) 21. h6 e5 22. Nf5 g6 (22... Qxc2 $6 23. Nxg7 Reb8 24. Rac1 $11) 23. Ng7 Reb8 (23... Qxc2 24. Nxe8 Rxe8 25. Qh3 $16) 24. Qh4 Qe7 (24... Qxc2 $2 25. Qxf6 Qb2 26. Nf5 $1 $18 {[%mdl 512]}) (24... Qd6 $1 $17 25. c3 c5) 25. f4 $1 Rb4 26. Rab1 {aiming for Rxb4.} Rab8 27. Rxb4 Rxb4 28. a3 Rb2 {[%csl LRa3,LRc2]} 29. Qg4 exf4 (29... Qxa3 $6 30. Qc8+ Qf8 31. Qxc6 $11) (29... Rxc2 $2 30. fxe5 Kh8 31. Qf4 $18) 30. exf4 f5 $2 ({But not} 30... Rxc2 $6 31. Rb1 Qf8 32. Qd7 $11) (30... Qd8 $17 {and life is bright.} 31. Qe2 Qb6+ 32. Kh2 Qc7) 31. Nxf5 $1 $16 Qe6 {[#]} (31... Qxa3 $2 32. Qg5 Rb7 33. Re1 (33. Qf6 Qf8 $11) 33... Qc5+ 34. Kh2 $18) (31... Qd8 $16) 32. Qg5 $1 Rb8 (32... Rxc2 $2 33. Nd4 Qd6 34. Nxc2 $18) 33. Ng7 {&Bianco is more active.} Qe3+ 34. Kh2 {Threatening mate with Qf6.} d4 $2 {[%mdl 8192] Loses the game.} (34... Qxa3 35. Re1 Qf8 36. Nf5 $18) (34... Kf8 $16) 35. Nf5 $2 (35. Qf6 {mates} Qe2 {[#]} 36. Nf5 $1 {[%mdl 512]} Kf8 37. Qh8+ Bg8 38. Qg7+ Ke8 39. Qxg8+ Kd7 40. Qxh7+ Kd8 41. Qxg6 $1) 35... Qe2 $2 {[#]} (35... Qe6 $18) 36. Qf6 $1 {[%csl Gf5,Gh6][%cal Rf6g7][%mdl 512] White mates.} Kf8 37. Qh8+ Bg8 38. Qg7+ Ke8 39. Qxg8+ Kd7 40. Qxh7+ {Weighted Error Value: White=0.42/Black=0.61} 1-0

[Event "MPL-1 Indian Chess Tour 2022"]
[Site "Online"]
[Date "2022.03.27"]
[Round "6.1"]
[White "Sethuraman, S.P."]
[Black "Iniyan, P."]
[Result "1-0"]
[WhiteElo "2619"]
[BlackElo "2516"]
[Annotator "TA"]
[PlyCount "137"]
[EventDate "2022.03.30"]
[EventType "tourn"]
[EventCountry "NET"]
[SourceTitle "playchess.com"]
[Source "ChessBase"]
[SourceQuality "1"]

{[%evp 9,137,12,14,11,26,12,15,0,0,-29,-19,-26,-14,-28,-25,-43,-39,-26,0,0,0,-59,-54,-59,-62,-64,31,15,31,12,35,8,33,13,8,9,0,0,8,8,44,27,82,65,72,41,41,42,66,10,11,13,22,16,58,44,91,94,102,102,102,102,102,80,80,80,80,63,37,45,110,107,185,34,37,0,185,177,177,177,170,0,83,83,84,85,299,170,170,170,156,77,77,77,458,442,402,397,387,211,29974,29976,29976,29977,29977,222,155,0,29977,29978,29973,29974,29974,29975,29974,29974,29971,29971,29961,2797,29975,29976,29982,29983,29983,29984,29984,29985,29985,29986]} 1. e4 e5 2. Nf3 Nc6 3. Bc4 Bc5 4. d3 Nf6 5. c3 d6 6. a4 {b4 is the strong threat. C54: Giuoco Piano: 4 c3 Nf6, main lines with 5 d4 and 5 d3.} a6 7. h3 Ba7 8. Bg5 $5 {[%cal Bc1g5,Bg5h4,Bh4g3][%mdl 4] The position is equal. Exploring less charted territory.} h6 9. Bh4 g5 10. Bg3 {[#]} Nh5 $146 ({Predecessor:} 10... Qe7 11. b4 Bd7 12. Nbd2 Nd8 13. b5 a5 14. Bb3 Ne6 15. Nc4 Nh5 16. Nxa5 Nxg3 17. fxg3 {0-1 (36) Nguyen,N (2641)-Khanin,S (2517) Chess.com INT 2021}) 11. Nbd2 {[%cal Of3e5]} Qf6 12. Qe2 Be6 13. Bh2 Nf4 14. Bxf4 gxf4 15. g4 (15. O-O $11) 15... fxg3 $15 16. fxg3 O-O-O 17. O-O-O d5 (17... Rdg8 $15 18. g4 Nd8) 18. exd5 $14 Bxd5 19. Rhf1 Qe6 20. g4 (20. Bxd5 {looks sharper.} Qxd5 21. Kc2 Rhg8 22. g4) 20... Bxc4 21. dxc4 f5 22. Nh4 fxg4 23. hxg4 Na5 {[%cal Oe5e4]} 24. Nf5 Kb8 {[%cal Oe5e4]} (24... e4 $5) 25. b4 Nc6 (25... Rxd2 $11 26. Kxd2 Nxc4+ 27. Kc1 e4) 26. Ne4 Rxd1+ 27. Rxd1 h5 28. Rh1 Qc8 29. Kc2 {0x0.0026b537d96cdp-1022s more active pieces.} (29. c5 $14) 29... hxg4 $11 30. Rxh8 Qxh8 31. Qxg4 Qe8 32. Kb3 Qe6 {[#]} (32... Qd8 $14 {is more appropriate.}) 33. Ne3 $1 $16 {Pair of Knights!} Qxg4 (33... Qf7 34. Nd5) 34. Nxg4 {[%mdl 4096] Endgame KBN-KNN} Kc8 35. c5 b5 36. cxb6 cxb6 37. Kc4 Bb8 38. Kd5 Ne7+ 39. Ke6 Nc6 ({Black should try} 39... Ng6 $14) 40. Ngf6 Bc7 (40... Nd8+ $16 41. Kd5 Kc7) 41. Kd5 $2 (41. Nd6+ $18 Bxd6 42. Kxd6) 41... Ne7+ $1 $14 42. Ke6 (42. Kc4 $14) 42... Nc6 $1 $18 43. Nd5 Nd8+ 44. Ke7 $1 Nc6+ 45. Ke6 (45. Ke8 $1 $18 {has better winning chances.}) 45... Nd8+ $1 $16 46. Kf6 Nc6 47. Kf5 b5 $2 (47... Nd8 $16 48. Kf6 Nc6 49. Nxc7 Kxc7) 48. Nxc7 (48. a5 $142) 48... Kxc7 $18 {KN-KN} 49. a5 {Black must now prevent Ke6.} Kd7 50. Nc5+ ({Better is} 50. Kf6 $1) 50... Kd6 $16 51. Nxa6 {aiming for Ke4.} Kd5 {[%mdl 8192]} (51... Ne7+ $16 {is a better chance.} 52. Ke4 Nd5) 52. Nc5 $18 Ne7+ 53. Kg4 Kc4 54. Ne4 (54. a6 $142 {White wants to mate with a7.} Nc6 55. Ne4) 54... Kd3 $2 {[#]} (54... Nc6 $18 55. Kf5 Kd5) 55. a6 $1 Nc6 56. Kf5 Ke3 57. Nd6 $2 (57. Nf6 {mates} e4 58. Ke6 Kf3 59. Nd5 e3 60. Nxe3 $1 {[%mdl 512]} Kxe3 61. Kd6 Nd8 62. a7) 57... Kd3 58. Ne4 (58. Nxb5 $16 e4 59. Nd4 (59. a7 Nxa7 60. Nxa7 e3 $11) 59... Nxd4+ 60. cxd4) 58... Ke3 $1 59. Nf6 Kd3 60. Nd5 e4 61. Ke6 $1 ({Worse is} 61. Kf4 e3 62. a7 (62. Nxe3 Kxc3 63. Ke4 Kxb4 $11) 62... Nxa7 63. Nxe3 Kxc3 $11) 61... Kc4 62. Kd6 Na7 63. Ke5 Kd3 {[#]} 64. Ke6 $1 {Intending Kd7 and mate.} Kc4 {[#]} 65. Kd6 $1 {White mates.} Nc8+ 66. Kc7 Na7 67. Nf4 Kxc3 68. Kb7 Kxb4 69. Kxa7 {Weighted Error Value: White=0.39/Black=0.39} 1-0

[Event "MPL-1 Indian Chess Tour 2022"]
[Site "Online"]
[Date "2022.03.27"]
[Round "6.2"]
[White "Lalith Babu M R"]
[Black "Gupta, Abhijeet"]
[Result "1/2-1/2"]
[WhiteElo "2563"]
[BlackElo "2628"]
[Annotator "TA"]
[PlyCount "102"]
[EventDate "2022.03.30"]
[EventType "tourn"]
[EventCountry "NET"]
[SourceTitle "playchess.com"]
[Source "ChessBase"]
[SourceQuality "1"]

{[%evp 18,102,39,37,20,9,1,0,0,-10,0,0,0,0,33,23,12,24,20,10,24,4,7,14,14,12,6,6,13,24,23,25,26,22,26,18,19,19,23,43,27,18,27,22,25,34,41,17,61,46,62,20,21,26,25,14,19,12,12,8,12,0,0,0,0,0,0,0,0,0,0,0,0,0,0,0,0,0,0,0,0,0,0,0,0,0,0]} 1. d4 Nf6 2. c4 g6 3. g3 c6 4. Bg2 d5 5. Nf3 Bg7 6. O-O O-O 7. Qb3 dxc4 8. Qxc4 Bf5 9. Nc3 Nbd7 {[%cal Bb8d7,Bd7b6,Bb6a4][%mdl 32]} 10. Re1 Ne4 {D78: Fianchetto Grünfeld: 6 0-0 c6.} 11. Qb3 Qa5 12. Bf4 Nb6 13. Be5 {[#]} Be6 $146 ({Predecessor:} 13... Bh6 14. e3 Be6 15. Qc2 Nxc3 16. bxc3 Nc4 17. e4 g5 18. h3 f6 19. d5 cxd5 {0-1 (42) Ribli,Z (2588)-Jankovic,A (2568) Austria 2012}) 14. Qc2 Nxc3 15. bxc3 Qa4 16. Qxa4 Nxa4 17. Bxg7 Kxg7 18. Rec1 Bd5 19. Ne5 Bxg2 20. Kxg2 f6 21. Nd3 Rfd8 22. Rab1 b5 23. c4 Rxd4 24. cxb5 cxb5 25. Rxb5 Nb6 26. Rc7 Kf7 27. Ra5 Rd7 28. Rxd7 Nxd7 $11 {[%mdl 4096] Endgame KRN-KRN} 29. Kf3 a6 30. Ke4 Ra7 31. h4 Ke6 32. h5 g5 33. g4 Nb8 34. f4 {&Bianco is more active.} gxf4 35. Nxf4+ Kf7 36. g5 fxg5 {The position is equal.} 37. Rf5+ Ke8 38. Rxg5 {[#] Rg8+ is the strong threat.} Nd7 39. Rg7 Nf6+ 40. Kf5 Rb7 41. e4 Rb4 42. Nd5 Nxd5 43. exd5 {KR-KR} Ra4 44. d6 exd6 45. Ke6 {[%cal Rg7g8]} Kf8 {Inhibits Rg8+.} 46. Rxh7 Rxa2 47. Kxd6 Kg8 48. Ra7 Rh2 49. Rxa6 Rxh5 {( -> ...Rh6+)} 50. Ra7 Rh7 51. Rxh7 Kxh7 {Weighted Error Value: White=0.05 (flawless) /Black=0.04 (flawless)} 1/2-1/2

[Event "MPL-1 Indian Chess Tour 2022"]
[Site "Online"]
[Date "2022.03.31"]
[Round "6.3"]
[White "Puranik, Abhimanyu"]
[Black "Sadhwani, Raunak"]
[Result "1-0"]
[WhiteElo "2618"]
[BlackElo "2616"]
[Annotator "TA"]
[PlyCount "123"]
[EventDate "2022.03.30"]
[EventType "tourn"]
[EventCountry "NET"]
[SourceTitle "playchess.com"]
[Source "ChessBase"]
[SourceQuality "1"]

{[%evp 9,123,24,26,10,6,10,13,0,12,8,39,31,21,20,27,13,13,17,31,22,36,37,41,40,89,89,94,79,76,97,116,128,181,175,159,108,120,126,108,85,110,93,94,28,53,29,27,0,35,0,24,21,116,120,107,30,21,29,39,23,42,0,0,0,0,0,0,0,0,-27,0,0,0,0,0,0,0,0,0,0,0,0,0,0,37,41,110,110,110,110,164,0,0,0,0,0,0,0,500,0,0,0,0,0,0,0,232,225,5069,4947,29965,29963,29965,29963,29966,4631]} 1. e4 e5 2. Nf3 Nc6 3. Bb5 Nf6 4. d3 Bc5 5. Bxc6 dxc6 6. Nbd2 {C65: Ruy Lopez: Berlin Defence (3...Nf6), unusual lines and 4 0-0 Bc5.} Be6 7. O-O Nd7 8. Nb3 {The position is equal.} Bb6 9. Ng5 Nf8 (9... Bxb3 $5 10. axb3 Qe7 $11) 10. Nxe6 (10. Qh5 {seems wilder.} Qd6 11. Nd2 g6 12. Qh6) 10... Nxe6 11. a4 {[%cal Ba2a4,Ba4a5][%mdl 32]} a6 {[#]} 12. a5 $146 ({Predecessor:} 12. Qh5 Qd6 13. Be3 g6 14. Qh4 Qe7 15. Qxe7+ Kxe7 16. a5 Bxe3 17. fxe3 h5 18. Nd2 {0-1 (67) Bueno Gauna,C (2052)-Diaz Rosas,J (2290) Asuncion 2014}) 12... Ba7 13. Be3 Qf6 14. Nd2 Bd4 15. Nc4 O-O-O 16. c3 Bxe3 (16... Bc5 $14) 17. fxe3 $16 Qe7 18. Nxe5 f6 19. Nf3 c5 20. d4 Nf8 (20... Rhe8 $16 21. Qc2 Qd7) 21. Nd2 Kb8 22. Qb3 (22. Rb1 $142) 22... Ne6 23. Qc4 {&Bianco is more active.} Ng5 24. Rf4 Rhe8 25. b4 cxb4 26. cxb4 (26. Qxb4 $16 Qxb4 27. cxb4) 26... Ne6 27. Rf2 Ng5 $1 28. Rf4 Ne6 29. Rf2 {Strongly threatening b5.} Ng5 $1 30. b5 axb5 (30... Nxe4 $11 {keeps the balance.} 31. Nxe4 axb5 32. Qxb5 Qxe4) 31. Qxb5 {Hoping for a6.} Nxe4 32. Nxe4 (32. a6 $16 {[%csl Ga6][%cal Rb5b7]} c6 33. a7+ Kc7 34. Qf5 (34. Qa5+ b6 $17) 34... Nxf2 35. Qf4+ Kd7 36. Qf5+ Qe6 37. Qxf2) 32... Qxe4 $11 33. Rb1 Rd6 34. h3 ({Much worse is} 34. d5 b6 35. Qf1 (35. axb6 $2 Rxb6 36. Qxb6+ cxb6 $19) 35... Re5 $15) 34... Re7 35. Kh1 Qd5 36. Qd3 Qxa5 37. Qxh7 {aiming for Qg8+.} Qd5 {Prevents Qg8+.} 38. Ra1 {Rfa2 is the strong threat.} Rxe3 39. Rf5 Qe4 40. Qg8+ $40 {[%mdl 128] White has some attack.} Qe8 41. Qxg7 Re1+ 42. Rxe1 Qxe1+ {[%mdl 4096] Endgame KQR-KQR} 43. Kh2 Qe6 44. Qf8+ Ka7 45. Rc5 Qe4 46. Rxc7 Qxd4 {( -> ...Qf4+)} 47. Qg7 Qe5+ (47... Ka6 $14) 48. Qg3 $16 Qxg3+ 49. Kxg3 {KR-KR} Ka6 (49... Kb6 $16 50. Rc1 Rd7) 50. Kg4 $2 ({White should play} 50. Rc1 $1 $18) 50... b5 $11 51. Kf5 b4 52. Rc1 Kb5 53. g4 {And now h4 would win.} Rc6 $2 {[%mdl 8192]} (53... Rd2 $11 {and Black is okay.}) 54. Rb1 $2 (54. Rxc6 Kxc6 55. Ke4 (55. Kxf6 {is a self mate.} b3 56. h4 b2 57. h5 b1=Q 58. Ke5 Qh1 59. Kd4 Qg2 60. Ke3 Qxg4 61. h6 Qg5+ 62. Ke4 Qxh6 63. Kd4 Qf4+ 64. Kd3 Kd5 65. Kc3 Qe3+ 66. Kc2 Kc4 67. Kb2 Qf2+ 68. Kc1 Kc3 69. Kd1 Qf1#) 55... f5+ 56. gxf5 b3 $11) (54. Rh1 $18) 54... Rc3 55. h4 {[%cal Bh3h4,Bh4h5,Bh5h6,Bh6h7][%mdl 32]} Rf3+ 56. Ke4 Rh3 57. h5 b3 $2 (57... Kc4 $11) 58. Kf5 $18 Rf3+ $2 (58... Kc4 59. Kxf6 Kc3) 59. Kg6 Kb4 {[#]} 60. h6 $1 {White mates.} Rh3 61. h7 Rh4 {[#]} 62. Rg1 $1 {Weighted Error Value: White=0.21 (precise) /Black=0.44} ({Stronger than} 62. Kg7 Rxg4+ 63. Kxf6 Rh4 $11) 1-0

[Event "MPL-1 Indian Chess Tour 2022"]
[Site "Online"]
[Date "2022.03.27"]
[Round "6.4"]
[White "Sankalp Gupta"]
[Black "Gukesh D"]
[Result "0-1"]
[WhiteElo "2536"]
[BlackElo "2614"]
[Annotator "TA"]
[PlyCount "88"]
[EventDate "2022.03.30"]
[EventType "tourn"]
[EventCountry "NET"]
[SourceTitle "playchess.com"]
[Source "ChessBase"]
[SourceQuality "1"]

{[%evp 13,88,0,0,0,2,0,0,0,0,-3,-1,-9,0,0,0,-11,-11,-11,-7,-26,-26,-29,-12,-33,10,0,0,0,20,-5,0,-48,-46,-46,-47,-48,-50,-73,-75,-71,-76,-76,-77,-125,-122,-129,-120,-141,-131,-206,-197,-205,-205,-205,-205,-204,-204,-248,-247,-248,-247,-370,-389,-325,-327,-467,-323,-751,-748,-841,-798,-998,-995,-980,-954,-1460,-1398]} 1. d4 Nf6 2. c4 e6 3. Nf3 d5 4. Nc3 Bb4 5. e3 O-O 6. Bd2 b6 7. cxd5 exd5 8. Bd3 {E51: Nimzo-Indian: Rubinstein: 4...0-0 5 Nf3 d5.} Re8 9. Qc2 c5 10. O-O {The position is equal.} c4 {[#]} 11. Be2 $146 ({Predecessor:} 11. Bf5 Nc6 12. Rfe1 g6 13. Bxc8 Rxc8 14. a3 Bf8 15. e4 dxe4 16. Nxe4 Nxe4 17. Rxe4 {½-½ (32) Maksimov,I (2119)-Kalugin,S (2455) Moscow 2001}) 11... Nc6 12. b3 Bxc3 13. Bxc3 b5 14. Ne5 Nxe5 15. dxe5 Ne4 16. Bf3 Bf5 {[%cal Oe4g3]} 17. bxc4 Qc8 ({Resist} 17... Nxc3 18. Qxf5 bxc4 19. Qc2 $14) 18. Rfc1 Ng5 19. Qe2 Nxf3+ 20. Qxf3 dxc4 (20... Be4 $5 {[%cal Re4f3]} 21. Qg3 bxc4 $11) 21. e4 Be6 22. Ba5 (22. Qe3 $11) 22... Qc5 23. Qc3 {Prevents b4.} Bd7 {[%cal Be6d7,Bd7c6,Bc6e4,Be4f5][%mdl 32]} 24. Rd1 Bc6 25. Rd6 Bxe4 {White is on the road to losing.} 26. Re1 Qxe5 (26... Rxe5 $2 27. Bb4 Qxd6 28. Bxd6 $18) 27. Qxe5 Rxe5 28. Rd7 {[#]} (28. f3 $142 Rd5 29. Ra6) 28... Bf5 $1 {[%mdl 512]} 29. Rxe5 (29. Rd8+ Rxd8) 29... Bxd7 $17 {[%mdl 4096] Endgame KRB-KRB} 30. Re7 Be6 31. f4 (31. a3 $17) 31... h5 32. Kf2 Rc8 {Threatens to win with ...c3.} 33. Bc3 a6 34. Ra7 Rc6 35. a3 Rd6 {aiming for ...Rd3.} 36. Bb4 {[#]} Rd3 {Hoping for ...c3.} 37. Rc7 (37. f5 $142 Bd5 38. Rd7) 37... a5 $19 38. Bxa5 Rxa3 39. Bb4 (39. Bd2 {was necessary.}) 39... Rb3 40. Bd6 $2 (40. Ba5) 40... c3 {Black is clearly winning.} 41. Be5 Bc4 {( -> ...c2)} 42. Ke3 f6 43. Rc8+ Kh7 44. Bb8 Rb1 {Weighted Error Value: White=0.51/Black=0.07 (flawless)} 0-1

[Event "MPL-1 Indian Chess Tour 2022"]
[Site "Online"]
[Date "2022.03.27"]
[Round "6.5"]
[White "Erigaisi Arjun"]
[Black "Aryan Chopra"]
[Result "1-0"]
[WhiteElo "2633"]
[BlackElo "2585"]
[Annotator "TA"]
[PlyCount "75"]
[EventDate "2022.03.30"]
[EventType "tourn"]
[EventCountry "NET"]
[SourceTitle "playchess.com"]
[Source "ChessBase"]
[SourceQuality "1"]

{[%evp 9,75,20,33,31,27,6,3,0,0,16,13,18,31,1,17,0,2,-5,-11,-8,41,59,71,52,91,77,77,77,90,81,79,80,90,80,70,58,47,56,68,54,63,56,66,71,64,56,74,67,81,69,75,62,81,82,94,98,108,96,115,103,223,233,220,216,216,212,512,511]} 1. d4 d5 2. c4 e6 3. Nc3 a6 4. cxd5 exd5 5. Bf4 c6 6. e3 {D31: Queen's Gambit Declined: Semi-Slav without ...Nf6 (+ Marshall Gambit and Noteboom) and Exchange Variation lines without ...Nf6.} Bd6 7. Bg3 Ne7 8. Bd3 {The position is equal.} Bf5 9. Nge2 $5 {[%mdl 4] Leaves trodden paths.} O-O 10. f3 {[%cal Bf2f3,Bf3e4,Be4e5][%mdl 32] [#]} b5 $146 ({Predecessor:} 10... Bg6 11. Qc2 Bc7 12. Rd1 Nd7 13. O-O Rc8 14. e4 dxe4 15. fxe4 Bxg3 16. Nxg3 c5 {½-½ (16) Shishkin,V (2509)-Grabarczyk,M (2460) Police 2013}) 11. Bxd6 Qxd6 12. e4 dxe4 13. fxe4 Bg6 14. h4 {[%cal Bh2h4,Bh4h5][%mdl 32]} h6 (14... Bh5 $11) 15. h5 $14 Bh7 $1 16. e5 $36 {[%mdl 2048] White is pushing.} Qd7 17. Bxh7+ Kxh7 18. O-O Qg4 19. Nf4 {[%cal Be2f4,Bf4d3,Bd3c5][%mdl 32]} Qxd1 20. Raxd1 {[%cal Of4e6] [#] Black must now prevent Ne6!} Nd7 {[%cal Bb8d7,Bd7b6,Bb6d5][%mdl 32]} 21. Ne4 Nb6 22. Nd6 Kg8 23. Nd3 Nbd5 24. Rde1 {Prevents Ne3.} a5 25. Nc5 a4 26. Rf3 {Strongly threatening Ref1.} Nc8 27. Nde4 {0x0.0023ac615845dp-1022s more active pieces.} Ra7 28. Ref1 Re8 29. Rg3 {[%cal Bf3g3,Bg3g4,Bg4g6][%mdl 32]} Kh7 30. Rff3 b4 31. a3 b3 32. Rg4 Rg8 33. Kf2 Re8 34. Rfg3 f5 (34... Rg8 $16 {was worth a try.}) 35. exf6 $1 $18 gxf6 {[#] Hoping for ...f5.} 36. Rg6 {Threatens to win with Rxf6. The board is on fire.} Rf7 37. Rf3 Rfe7 $2 (37... Ref8 38. Nxa4 Nce7) 38. Rfxf6 {Weighted Error Value: White=0.05 (flawless) /Black=0.19 (very precise)} 1-0